[Event "XXXV C.to Italiano a squadre A1 Finali"]
[Site "Laveno-Mombello ITA"]
[Date "2003.05.10"]
[Round "1"]
[White "Borgo, Giulio"]
[Black "Fiore, Mario"]
[Result "0-1"]
[WhiteElo "2425"]
[BlackElo "2302"]
[PlyCount "120"]
[EventDate "2003.05.10"]

1. Nf3 d5 2. d4 Nf6 3. c4 dxc4 4. e3 e6 5. Bxc4 c5 6. O-O a6 7. Bb3 Nc6 8. Nc3
Be7 9. dxc5 Qxd1 10. Rxd1 Bxc5 11. Bd2 Bd7 12. Rac1 Ba7 13. Ng5 Na5 14. Nce4
Nxb3 15. Nd6+ Ke7 16. axb3 Kxd6 17. Bb4+ Ke5 18. Nxf7+ Kf5 19. Nxh8 Rxh8 20.
Rc7 Bc6 21. Rxg7 Nd5 22. Rf7+ Kg6 23. Rf8 Rxf8 24. Bxf8 Nf6 25. b4 Nd7 26. Bd6
e5 27. Bc7 Kf6 28. Rd6+ Kf7 29. Rh6 Be4 30. Rh4 Bg6 31. Rc4 Ke6 32. g4 Nf6 33.
h3 Nd5 34. Bd8 Bd3 35. Rc8 Nxb4 36. Rc7 Be4 37. Rc4 Nc6 38. Rxe4 Nxd8 39. f4
Nf7 40. Kg2 b5 41. h4 a5 42. h5 Bc5 43. b3 Ba3 44. Kf3 Bb2 45. g5 Kf5 46. g6
hxg6 47. hxg6 Kxg6 48. f5+ Kxf5 49. Rh4 e4+ 50. Ke2 Nd6 51. Kd2 a4 52. Rh5+ Kg4
53. Rd5 a3 54. Kc2 Nf5 55. Rxb5 Nxe3+ 56. Kb1 Nd1 57. Ra5 e3 58. Ra8 Be5 59.
Kc2 e2 60. Kd2 Kf3 0-1

[Event "XXXV C.to Italiano a squadre A1 Finali"]
[Site "Laveno-Mombello ITA"]
[Date "2003.05.10"]
[Round "1"]
[White "D'Amore, Carlo"]
[Black "Contin, Daniel"]
[Result "1-0"]
[WhiteElo "2435"]
[BlackElo "2340"]
[PlyCount "83"]
[EventDate "2003.05.10"]

1. Nf3 Nf6 2. g3 b6 3. Bg2 Bb7 4. d3 c5 5. e4 g6 6. O-O Bg7 7. Nfd2 Nc6 8. Nc3
O-O 9. Nc4 Ne8 10. f4 Rb8 11. f5 a6 12. a4 Ba8 13. Bg5 b5 14. axb5 axb5 15. Ne3
b4 16. Na4 h6 17. Bf4 d6 18. fxg6 e5 19. Bxh6 Bxh6 20. Nf5 Qg5 21. Nb6 Rxb6 22.
gxf7+ Rxf7 23. Rxa8 Rb8 24. Rxb8 Nxb8 25. Qa1 Kh7 26. Qa2 Qg8 27. Bf3 Nc6 28.
Qe6 Rxf5 29. Qxf5+ Kh8 30. Bh5 Nd4 31. Qh3 Nc7 32. Rf6 Qg5 33. Qc8+ Kh7 34.
Bg6+ Qxg6 35. Qxc7+ Qg7 36. Rf7 Nxc2 37. Rxg7+ Bxg7 38. Qxd6 Bh6 39. Qxe5 Be3+
40. Kf1 Bd4 41. Qh5+ Kg7 42. b3 1-0

[Event "XXXV C.to Italiano a squadre A1 Finali"]
[Site "Laveno-Mombello ITA"]
[Date "2003.05.10"]
[Round "1"]
[White "Mantovani, Renzo"]
[Black "Sedina, Elena"]
[Result "1/2-1/2"]
[WhiteElo "2353"]
[BlackElo "2434"]
[PlyCount "115"]
[EventDate "2003.05.10"]

1. d4 d5 2. Bf4 c5 3. e3 Nc6 4. c3 e6 5. Nf3 Bd6 6. Bg3 Nf6 7. Nbd2 O-O 8. Bd3
Qe7 9. Ne5 Nd7 10. f4 Qe8 11. O-O f6 12. Nxc6 bxc6 13. Qa4 Rb8 14. Rab1 cxd4
15. exd4 c5 16. Qc2 Qh5 17. Rbe1 Nb6 18. dxc5 Bxc5+ 19. Bf2 Bd6 20. Bd4 Bd7 21.
Be2 Qh6 22. g3 e5 23. Be3 Rbe8 24. Qd3 Qg6 25. Qxg6 hxg6 26. fxe5 fxe5 27. Bd1
Rxf1+ 28. Rxf1 Bb5 29. Re1 Nc4 30. Nxc4 Bxc4 31. Ba4 Re7 32. b3 Ba6 33. Bc6 Bb7
34. Bxb7 Rxb7 35. Rd1 d4 36. cxd4 exd4 37. Rxd4 Bb4 38. Rd8+ Kf7 39. Ra8 a5 40.
Ra7 Rxa7 41. Bxa7 Ke6 42. Kf2 Ke5 43. Ke3 Kf5 44. Bd4 Kg4 45. Kf2 Kh3 46. Kg1
g5 47. Bxg7 Bc5+ 48. Kh1 g4 49. Bc3 a4 50. Be5 axb3 51. axb3 Bd4 52. Bf4 Bc5
53. Bg5 Be3 54. Bh4 Bc5 55. Bg5 Be3 56. Bf4 Bc5 57. Bh6 Be3 58. Bxe3 1/2-1/2

[Event "XXXV C.to Italiano a squadre A1 Finali"]
[Site "Laveno-Mombello ITA"]
[Date "2003.05.10"]
[Round "1"]
[White "Sarno, Spartaco"]
[Black "Skembris, Spyridon"]
[Result "1-0"]
[WhiteElo "2425"]
[BlackElo "2448"]
[PlyCount "124"]
[EventDate "2003.05.10"]

1. c4 e5 2. Nc3 Nf6 3. Nf3 Nc6 4. g3 d5 5. cxd5 Nxd5 6. Bg2 Nb6 7. O-O Be7 8.
d3 O-O 9. a3 Be6 10. b4 a6 11. Bb2 f6 12. Rc1 Qe8 13. Ne4 Qf7 14. Qc2 Rad8 15.
Ba1 Rd7 16. Rb1 Ba2 17. Rb2 Bd5 18. Nc5 Bxc5 19. bxc5 Bxf3 20. exf3 Nd4 21. Qd1
Nd5 22. Rxb7 Ne6 23. Qc2 c6 24. Rxd7 Qxd7 25. Qc4 Rd8 26. Re1 Nec7 27. d4 exd4
28. Bxd4 Kf8 29. Bb2 Qf5 30. f4 Rb8 31. Bc1 Qb1 32. Bd2 Qb2 33. Ba5 Qb5 34.
Qxb5 Rxb5 35. Bxc7 Nxc7 36. Rc1 Ne6 37. Bxc6 Rxc5 38. Rxc5 Nxc5 39. f3 Ke7 40.
Kf2 Kd6 41. Be4 h6 42. Ke3 Ne6 43. Bd3 a5 44. Bc4 Nd8 45. Bb3 Kc5 46. Ke4 Nc6
47. Bf7 Nd4 48. a4 Ne2 49. Kf5 Nc3 50. Be8 Kd6 51. Kg6 Ke7 52. Bf7 Nxa4 53.
Kxg7 Nc3 54. Bc4 a4 55. Kxh6 Kd6 56. g4 Kc5 57. Bf7 Nd5 58. g5 a3 59. Bxd5 Kxd5
60. g6 a2 61. g7 a1=Q 62. g8=Q+ Kd4 1-0

[Event "XXXV C.to Italiano a squadre A1 Finali"]
[Site "Laveno-Mombello ITA"]
[Date "2003.05.10"]
[Round "1"]
[White "Shytaj, Luca"]
[Black "Belotti, Bruno"]
[Result "0-1"]
[WhiteElo "2327"]
[BlackElo "2432"]
[PlyCount "50"]
[EventDate "2003.05.10"]

1. e4 e6 2. d4 d5 3. Nd2 dxe4 4. Nxe4 Nd7 5. Bd3 Ngf6 6. Nf3 c5 7. O-O Qc7 8.
Qe2 a6 9. Neg5 h6 10. Nxf7 Kxf7 11. Re1 Nb6 12. Ne5+ Kg8 13. Bg6 Bd6 14. dxc5
Qxc5 15. Nf7 Nbd5 16. c4 Ne7 17. Nxh8 Kxh8 18. Bf7 Nf5 19. h3 Bd7 20. Bd2 Rf8
21. b4 Qc7 22. Bg6 Nh4 23. Be4 Bh2+ 24. Kh1 Nxe4 25. Qxe4 Nxg2 0-1

[Event "XXXV C.to Italiano a squadre A1 Finali"]
[Site "Laveno-Mombello ITA"]
[Date "2003.05.11"]
[Round "2"]
[White "Efimov, Igor"]
[Black "Stangl, Markus"]
[Result "1/2-1/2"]
[WhiteElo "2477"]
[BlackElo "2494"]
[PlyCount "50"]
[EventDate "2003.05.10"]

1. d4 Nf6 2. c4 g6 3. Nc3 d5 4. Nf3 Bg7 5. e3 O-O 6. Bd2 c5 7. dxc5 Na6 8. cxd5
Nxc5 9. Bc4 a6 10. a4 Bf5 11. O-O Rc8 12. Qe2 Nfe4 13. Nxe4 Bxe4 14. Bb4 Bxd5
15. Rfd1 Qb6 16. Bxc5 Bxc4 17. Bxb6 Bxe2 18. Rd2 Bc4 19. h3 Rc6 20. a5 Bb5 21.
Nd4 Bxd4 22. exd4 Rfc8 23. d5 Rc1+ 24. Rxc1 Rxc1+ 25. Kh2 Kf8 1/2-1/2

[Event "XXXV C.to Italiano a squadre A1 Finali"]
[Site "Laveno-Mombello ITA"]
[Date "2003.05.11"]
[Round "2"]
[White "Laketic, Gojko"]
[Black "Del Rio Angelis, Salvador Gabriel"]
[Result "1-0"]
[WhiteElo "2395"]
[BlackElo "2490"]
[PlyCount "69"]
[EventDate "2003.05.10"]

1. Nf3 Nf6 2. c4 g6 3. Nc3 Bg7 4. e4 d6 5. d4 O-O 6. Be2 e5 7. d5 Nbd7 8. Bg5
h6 9. Bh4 g5 10. Bg3 Nh5 11. h4 Nf4 12. hxg5 hxg5 13. Bf1 f5 14. Nd2 Nc5 15.
Qc2 fxe4 16. Ndxe4 Bf5 17. f3 c6 18. O-O-O cxd5 19. Nxd5 Nce6 20. Bf2 Rc8 21.
g3 Nxd5 22. Rxd5 Rc6 23. Bd3 Nc7 24. Rxd6 Rxd6 25. Nxd6 Bxd3 26. Qxd3 e4 27.
Qd2 exf3 28. Qd3 Rf6 29. Qh7+ Kf8 30. Nf5 Rxf5 31. Qxf5+ Qf6 32. Qxf6+ Bxf6 33.
g4 b6 34. Rh3 Ne6 35. Rxf3 1-0